[Event "Lichtenrader Herbst"]
[Site "Berlin"]
[Date "2009.10.19"]
[Round "3.20"]
[White "Weyers, Guido"]
[Black "Bubolz, Konstantin"]
[Result "0-1"]
[WhiteElo "1976"]
[BlackElo "2140"]
[PlyCount "96"]
[EventDate "2009.??.??"]

1. c4 Nf6 2. g3 c5 3. Bg2 d5 4. cxd5 Nxd5 5. Nc3 Nc7 6. Nf3 Nc6 7. O-O e5 8. b3
Be7 9. Bb2 Be6 10. d3 O-O 11. Rc1 b6 12. Qc2 Rc8 13. Qb1 Qd7 14. Rfd1 Bg4 15.
Ne4 Qf5 16. Ned2 Ne6 17. Nf1 Bxf3 18. Bxf3 Ncd4 19. Bxd4 Nxd4 20. Nd2 Bg5 21.
Be4 Qh3 22. Bg2 Qh6 23. e3 Ne2+ 24. Kh1 Bxe3 25. Rc2 Bxf2 26. Nf1 Nxg3+ 27.
Nxg3 Bxg3 28. Be4 f5 29. Bd5+ Kh8 30. Qb2 Rcd8 31. Bc4 Rd4 32. Rg2 Rg4 33. Rdg1
f4 34. Qxe5 Rh4 35. Qb2 f3 36. Rxg3 f2 37. Qxg7+ Qxg7 38. Rxg7 fxg1=Q+ 39. Rxg1
h5 40. Re1 Rf2 41. Re8+ Kg7 42. Re7+ Kg6 43. a4 Rhxh2+ 44. Kg1 Rfg2+ 45. Kf1
Rb2 46. Bd5 Rb1+ 47. Re1 Rxe1+ 48. Kxe1 Kf5 0-1

[Event "Lichtenrader Herbst"]
[Site "Berlin"]
[Date "2009.10.18"]
[Round "3.40"]
[White "Richter, Goetz"]
[Black "Dukaczewski, Piotr"]
[Result "0-1"]
[WhiteElo "2067"]
[BlackElo "2285"]
[PlyCount "98"]
[EventDate "2009.??.??"]

1. e4 c5 2. Nf3 Nc6 3. d4 cxd4 4. Nxd4 Nf6 5. Nc3 d6 6. g3 g6 7. Bg2 Nxd4 8.
Qxd4 Bg7 9. O-O O-O 10. Qb4 Qc7 11. Bg5 Be6 12. Nd5 Nxd5 13. exd5 Bf5 14. c3 h6
15. Be3 Rfc8 16. Rfe1 a5 17. Qb5 Bd7 18. Qd3 a4 19. a3 Ra5 20. Bd4 Bf8 21. Be4
f5 22. Bf3 Qc4 23. Qd2 Rxd5 24. Bxd5+ Qxd5 25. Be3 Qxd2 26. Bxd2 e5 27. f3 Be6
28. Be3 Bb3 29. Re2 Kf7 30. Kf2 Kf6 31. Bb6 g5 32. Ba5 d5 33. Bb4 Bxb4 34. axb4
f4 35. Rae1 Re8 36. h4 Bc4 37. Rd2 fxg3+ 38. Kxg3 gxh4+ 39. Kxh4 Rg8 40. Red1
Kf5 41. Kh3 Kf4 42. Rxd5 Bxd5 43. Rxd5 Rg5 44. Rd7 b5 45. c4 bxc4 46. b5 Kxf3
47. Rf7+ Ke3 48. Rc7 Kd4 49. b6 Rg6 0-1

[Event "Lichtenrader Herbst"]
[Site "Berlin"]
[Date "2009.10.20"]
[Round "4.1"]
[White "Kalinitschew, Sergey"]
[Black "Marcziter, Dmitrii"]
[Result "1-0"]
[WhiteElo "2483"]
[BlackElo "2257"]
[PlyCount "167"]
[EventDate "2009.??.??"]

1. d4 d5 2. c4 e6 3. Nf3 Nf6 4. Nc3 c5 5. cxd5 exd5 6. Bg5 Be7 7. dxc5 Be6 8.
e3 O-O 9. Be2 Bxc5 10. O-O Be7 11. Rc1 Nc6 12. Qa4 h6 13. Bh4 a6 14. Nd4 Qb6
15. Qb3 Qxb3 16. Nxb3 g5 17. Bg3 Ne4 18. Rfd1 Rad8 19. Bc7 Rc8 20. Bb6 Nb4 21.
Nxe4 dxe4 22. Rxc8 Rxc8 23. Nd4 Nxa2 24. Nxe6 fxe6 25. Rd7 Rc1+ 26. Bf1 Bf6 27.
b3 Rb1 28. Rxb7 Rxb3 29. Rb8+ Kf7 30. g4 Rb1 31. Kg2 Nc3 32. Rb7+ Kg6 33. Bxa6
Nd5 34. Bc5 Rxb7 35. Bxb7 Kf7 36. Kf1 Be5 37. h3 Bf6 38. Ke2 Bc3 39. Bd6 Bf6
40. Kd2 Bc3+ 41. Kd1 Kg8 42. Ke2 Kf7 43. Kf1 Bf6 44. Bc6 Bc3 45. Ba4 Bb4 46.
Bb8 Bc3 47. Bc2 Nf6 48. Ke2 Ke7 49. Kd1 Kf7 50. Bd6 Ne8 51. Bg3 Nf6 52. Bb1 Ke7
53. Bh2 Kd7 54. Kc2 Bb4 55. Kb3 Bd6 56. Bg1 Be5 57. Kc4 Kc6 58. Bc2 Kd6 59. Kb4
Nd5+ 60. Kc4 Nf6 61. Bd1 Nd5 62. Be2 Nb6+ 63. Kb5 Nd7 64. f3 Nf6 65. fxe4 Nxe4
66. Bf3 Nd2 67. Bg2 Bg3 68. Kb6 Ke5 69. Kc6 Ne4 70. Kd7 Nc3 71. Bf3 Nd5 72. Ke8
Nb4 73. Kf7 Nd3 74. Kg6 Ne1 75. Bb7 Nd3 76. Kxh6 Kf6 77. Bg2 Bd6 78. Be4 Nc5
79. Bc2 Nd7 80. Bf2 Ne5 81. Kh5 Nf3 82. Bd1 Nd2 83. h4 gxh4 84. g5+ {spaeter}
1-0

[Event "Lichtenrader Herbst"]
[Site "Berlin"]
[Date "2009.10.20"]
[Round "4.2"]
[White "Boewer, Roland"]
[Black "Meister, Jakob"]
[Result "1/2-1/2"]
[WhiteElo "2246"]
[BlackElo "2480"]
[PlyCount "89"]
[EventDate "2009.??.??"]

1. c4 e5 2. Nc3 Nf6 3. g3 d5 4. cxd5 Nxd5 5. Bg2 Ne7 6. Nf3 Nbc6 7. O-O Nf5 8.
a3 Be7 9. b4 a6 10. Bb2 Nfd4 11. Nd5 Nxf3+ 12. Bxf3 Bd6 13. d4 Nxd4 14. Bxd4
exd4 15. Qxd4 O-O 16. Ne3 Be7 17. Nd5 c6 18. Nxe7+ Qxe7 19. Rfd1 Be6 20. Qe5
Rfe8 21. Rd4 Rac8 22. Rc1 h6 23. h4 Qc7 24. Qc5 Red8 25. Rcd1 Rxd4 26. Qxd4 a5
27. Rc1 axb4 28. axb4 Qe7 29. Qb6 g5 30. hxg5 hxg5 31. b5 g4 32. Bg2 cxb5 33.
Rxc8+ Bxc8 34. Qxb5 Qc7 35. Qe8+ Kg7 36. Bd5 Bf5 37. e4 Bg6 38. Qb5 b6 39. Kf1
f6 40. Kg2 Kf8 41. Qb4+ Kg7 42. Qb5 Qd6 43. Qa4 Qe7 44. Qc6 Kh6 45. Qxb6
1/2-1/2

[Event "Lichtenrader Herbst"]
[Site "Berlin"]
[Date "2009.10.20"]
[Round "4.4"]
[White "Stachanczyk, Jacek"]
[Black "Dauth, Benjamin"]
[Result "1-0"]
[WhiteElo "2212"]
[BlackElo "2297"]
[PlyCount "97"]
[EventDate "2009.??.??"]

1. e4 e5 2. Nf3 d6 3. d4 Nd7 4. Bc4 g6 5. dxe5 dxe5 6. O-O Bg7 7. Ng5 Nh6 8. a4
O-O 9. a5 Nc5 10. Qxd8 Rxd8 11. Be3 Ne6 12. Nxe6 Bxe6 13. Bxe6 fxe6 14. a6 b6
15. Na3 Ng4 16. Bg5 Bf6 17. Bc1 Be7 18. Nb5 Rd7 19. h3 Nf6 20. Bg5 Nxe4 21.
Bxe7 Rxe7 22. Rfe1 Nd6 23. Nc3 Nf7 24. Rad1 Kf8 25. Re3 Ree8 26. Red3 Nd6 27.
Re3 Nf7 28. Red3 Rac8 29. Nb5 c6 30. Nd6 Nxd6 31. Rxd6 Kf7 32. Kf1 Rc7 33. Ke2
Ke7 34. Ke3 Rf8 35. g3 h5 36. h4 e4 37. R1d2 Rf5 38. Kxe4 Ra5 39. b4 Rd5 40.
R2xd5 cxd5+ 41. Ke5 Rxc2 42. Rxe6+ Kf7 43. Rf6+ Kg7 44. Rd6 Rxf2 45. Rd7+ Kh6
46. Rxa7 Rb2 47. Ra8 Rxb4 48. a7 Kg7 49. Rd8 1-0

[Event "Lichtenrader Herbst"]
[Site "Berlin"]
[Date "2009.10.20"]
[Round "4.6"]
[White "Lueders, Gerhard"]
[Black "Welz, Peter"]
[Result "1-0"]
[WhiteElo "2259"]
[BlackElo "2100"]
[PlyCount "81"]
[EventDate "2009.??.??"]

1. d4 f5 2. Nc3 Nf6 3. Bg5 e6 4. h4 Be7 5. e3 c5 6. d5 Qb6 7. Bc4 Qxb2 8. Nge2
Qb4 9. Qd3 exd5 10. Bxd5 Nc6 11. O-O d6 12. Bf4 Ng4 13. Rab1 Nge5 14. Qd1 Qa5
15. e4 Nb4 16. Bb3 c4 17. Ba4+ Nbc6 18. Bb5 O-O 19. Qd5+ Kh8 20. Bxe5 Nxe5 21.
f4 Ng4 22. Bxc4 Qc7 23. Rf3 Nf6 24. Qd4 fxe4 25. Rg3 d5 26. Nxd5 Qc5 27. Nxe7
Qxe7 28. Rg5 Bg4 29. Ng3 Rad8 30. Qe5 Qa3 31. Kh2 b6 32. Rb3 Qxa2 33. Qe7 Rg8
34. Rxg7 Rxg7 35. Qxd8+ Ng8 36. Bxg8 Rxg8 37. Qf6+ Rg7 38. h5 Kg8 39. Qd8+ Kf7
40. Rc3 Bxh5 41. Rc7+ 1-0

[Event "Lichtenrader Herbst"]
[Site "Berlin"]
[Date "2009.10.20"]
[Round "4.7"]
[White "Orzech, Dominik"]
[Black "Stippekohl, Peter"]
[Result "0-1"]
[WhiteElo "2435"]
[BlackElo "2140"]
[PlyCount "84"]
[EventDate "2009.??.??"]

1. d4 d6 2. e4 g6 3. Nc3 Bg7 4. a4 a6 5. Nf3 Nf6 6. h3 O-O 7. Bd3 b6 8. Be3 Bb7
9. O-O c5 10. d5 Nbd7 11. Qd2 Ne8 12. Bh6 Nc7 13. Rfe1 Re8 14. Bxg7 Kxg7 15.
Qf4 f6 16. Qg3 Ne5 17. Nh4 Kh8 18. f4 Nxd3 19. cxd3 Rg8 20. Qf2 a5 21. f5 g5
22. Nf3 Na6 23. g4 Nb4 24. Rad1 Ba6 25. Re3 Qe8 26. b3 Rg7 27. h4 gxh4 28. Qxh4
Qf7 29. Rd2 Rag8 30. Nh2 h5 31. Kf2 Rh7 32. gxh5 Rxh5 33. Qf4 Qg7 34. Nf1 Qg2+
35. Ke1 Nc2+ 36. Rxc2 Qxc2 37. Ne2 Bxd3 38. Nfg3 Bxe2 39. Rxe2 Qc3+ 40. Kf2
Rh2+ 41. Kg1 Rh3 42. Re3 Rhxg3+ 0-1

[Event "Lichtenrader Herbst"]
[Site "Berlin"]
[Date "2009.10.20"]
[Round "4.8"]
[White "Bubolz, Konstantin"]
[Black "Batyrov, Sapar"]
[Result "0-1"]
[WhiteElo "2140"]
[BlackElo "2421"]
[PlyCount "68"]
[EventDate "2009.??.??"]

1. d4 d5 2. c4 c6 3. Nc3 Nf6 4. Nf3 dxc4 5. a4 Bg4 6. Ne5 Nbd7 7. Nxg4 Nxg4 8.
e4 e5 9. Qxg4 exd4 10. Bd2 dxc3 11. Bxc3 b5 12. O-O-O Qe7 13. b4 Qe6 14. Qxe6+
fxe6 15. g3 h5 16. f4 Nb6 17. Bh3 Nxa4 18. Be5 Rh6 19. f5 a5 20. Bf4 Nc3 21.
Bxh6 Nxd1 22. Rxd1 gxh6 23. bxa5 Rxa5 24. f6 Ra1+ 25. Kc2 Rxd1 26. Kxd1 Kf7 27.
e5 Bc5 28. Bg2 Bd4 29. Bxc6 b4 30. Bb5 c3 31. Kc2 Bxe5 32. Be2 h4 33. Kb3 hxg3
34. hxg3 Bxg3 0-1

[Event "Lichtenrader Herbst"]
[Site "Berlin"]
[Date "2009.10.20"]
[Round "4.9"]
[White "Giemsa, Stephan"]
[Black "Schulz, Petra"]
[Result "1/2-1/2"]
[WhiteElo "2305"]
[BlackElo "2075"]
[PlyCount "122"]
[EventDate "2009.??.??"]

1. c4 Nf6 2. Nc3 g6 3. e4 d6 4. d4 Bg7 5. Bd3 e5 6. d5 a5 7. Nge2 Na6 8. O-O
O-O 9. f3 Ne8 10. Be3 f5 11. exf5 gxf5 12. f4 e4 13. Bc2 Nf6 14. Bd4 Qe8 15.
Qd2 Qg6 16. a3 Bd7 17. Rab1 c5 18. dxc6 Bxc6 19. Nd5 Nxd5 20. cxd5 Bb5 21. Rfe1
Bxe2 22. Rxe2 Bxd4+ 23. Qxd4 Qf6 24. Rd1 Qxd4+ 25. Rxd4 h5 26. Re3 Kf7 27. Bd1
Rh8 28. Be2 Nc5 29. b4 axb4 30. axb4 Ra1+ 31. Kf2 Na6 32. Rg3 Ra2 33. Rg5 Kf6
34. Rc4 Rb2 35. Rc3 Nxb4 36. Rcg3 Nd3+ 37. Ke3 Rxe2+ 38. Kxe2 Nxf4+ 39. Kf1 h4
40. Rg8 hxg3 41. Rxh8 gxh2 42. Rxh2 Nxd5 43. Rh7 b5 44. Rb7 b4 45. g3 Ke5 46.
Ke2 Kd4 47. Kd2 e3+ 48. Kc2 Ke4 49. Rb5 f4 50. gxf4 Nxf4 51. Rxb4+ Kf3 52. Rb8
d5 53. Rd8 Ke4 54. Re8+ Kd4 55. Ra8 Ke4 56. Re8+ Kf3 57. Kc3 e2 58. Kd2 d4 59.
Re7 d3 60. Re3+ Kf2 61. Re4 Ng2 1/2-1/2

[Event "Lichtenrader Herbst"]
[Site "Berlin"]
[Date "2009.10.20"]
[Round "4.10"]
[White "Degro, Heiko"]
[Black "Reichenbach, Werner"]
[Result "1/2-1/2"]
[WhiteElo "2045"]
[BlackElo "2280"]
[PlyCount "75"]
[EventDate "2009.??.??"]

1. e4 d6 2. d4 Nf6 3. Nc3 g6 4. Be3 Bg7 5. Qd2 c6 6. h3 Qa5 7. Nf3 O-O 8. Bd3
Nbd7 9. O-O Qc7 10. Bh6 c5 11. Bxg7 Kxg7 12. Rfe1 cxd4 13. Nxd4 Nb6 14. Qg5 e5
15. Nf3 h6 16. Qd2 a6 17. a4 Be6 18. a5 Nc4 19. Bxc4 Bxc4 20. b3 Be6 21. Na4
Qc6 22. Qd3 Nh5 23. c4 f5 24. Nb6 Nf4 25. Qe3 Rad8 26. Nd5 g5 27. Nxf4 gxf4 28.
Qe2 fxe4 29. Qxe4 Qxe4 30. Rxe4 Kf6 31. Re2 Rg8 32. Kf1 Bd7 33. Rd1 Bc6 34.
Red2 Ke6 35. Re1 Kf5 36. Red1 Ke6 37. Re1 Kf5 38. Red1 1/2-1/2

[Event "Lichtenrader Herbst"]
[Site "Berlin"]
[Date "2009.10.20"]
[Round "4.11"]
[White "Brandt, Fred"]
[Black "Behrmann, Joachim"]
[Result "0-1"]
[WhiteElo "1909"]
[BlackElo "2203"]
[PlyCount "90"]
[EventDate "2009.??.??"]

1. d4 d5 2. Nf3 Nf6 3. e3 g6 4. Bd3 Bg7 5. Nbd2 Nbd7 6. O-O c5 7. b3 O-O 8. Bb2
e5 9. dxe5 Ng4 10. Rb1 Ndxe5 11. h3 Nxd3 12. cxd3 Nf6 13. Re1 b6 14. Nf1 Re8
15. Ng3 Bb7 16. d4 Rc8 17. Rc1 Qd6 18. Qd3 Ne4 19. Ne2 Red8 20. Rc2 c4 21. Qd1
b5 22. bxc4 dxc4 23. Nc3 b4 24. Nxe4 Bxe4 25. Rc1 c3 26. Ba1 f5 27. Ng5 Bd5 28.
e4 fxe4 29. Nxe4 Bxe4 30. Rxe4 Bxd4 31. Qb3+ Kh8 32. Qc2 Rd7 33. Re2 a5 34.
Rce1 Rf8 35. Qe4 Rdf7 36. Rf1 Rf4 37. Qc2 Qc5 38. g3 Rf3 39. Kg2 Qd5 40. Kh2
Qc5 41. Kg2 Kg7 42. h4 R8f7 43. g4 R7f4 44. Qa4 Rxg4+ 45. Kxf3 Qf5# 0-1

[Event "Lichtenrader Herbst"]
[Site "Berlin"]
[Date "2009.10.20"]
[Round "4.12"]
[White "Ruehrmund, Daniel"]
[Black "Cusnariov, Nicolai"]
[Result "1/2-1/2"]
[WhiteElo "1886"]
[BlackElo "2156"]
[PlyCount "83"]
[EventDate "2009.??.??"]

1. e4 c5 2. Nf3 Nc6 3. d4 cxd4 4. Nxd4 Nf6 5. Nc3 e5 6. Ndb5 d6 7. Bg5 a6 8.
Na3 b5 9. Nd5 Be7 10. Bxf6 Bxf6 11. c3 O-O 12. h4 Rb8 13. Nc2 a5 14. Nce3 b4
15. c4 Nd4 16. b3 Be6 17. g3 g6 18. Bg2 Bg7 19. Nc2 Bxd5 20. cxd5 Nxc2+ 21.
Qxc2 Rc8 22. Qd2 Qc7 23. O-O Qc3 24. Qxc3 Rxc3 25. Bh3 Bh6 26. Rfb1 f5 27. exf5
gxf5 28. a3 Kh8 29. axb4 axb4 30. Bf1 Rg8 31. Bh3 Rf8 32. Bf1 e4 33. Ra6 e3 34.
Rxd6 exf2+ 35. Kxf2 Be3+ 36. Ke2 f4 37. Bg2 Bc5 38. Rc6 f3+ 39. Bxf3 Rfxf3 40.
Rxc5 Rfe3+ 41. Kf2 Rf3+ 42. Ke2 1/2-1/2

[Event "Lichtenrader Herbst"]
[Site "Berlin"]
[Date "2009.10.20"]
[Round "4.13"]
[White "Grassi, Fabrizio"]
[Black "Graf, Alexander"]
[Result "0-1"]
[WhiteElo "1974"]
[BlackElo "2596"]
[PlyCount "86"]
[EventDate "2009.??.??"]

1. d4 Nf6 2. Bf4 b6 3. e3 Bb7 4. Nf3 e6 5. Nbd2 Be7 6. Bd3 Nh5 7. Bg3 d6 8. Qe2
a6 9. c3 Nd7 10. a4 O-O 11. O-O g6 12. b4 Re8 13. Rac1 f5 14. Rfd1 Bf6 15. Bc4
Kh8 16. Bf4 a5 17. b5 Nxf4 18. exf4 e5 19. fxe5 dxe5 20. dxe5 Bxe5 21. Qd3 Nc5
22. Nxe5 Rxe5 23. Qxd8+ Rxd8 24. Nf3 Rxd1+ 25. Rxd1 Bxf3 26. Rd8+ Kg7 27. gxf3
Re7 28. Bd5 Nxa4 29. c4 Nc5 30. Kg2 Kf6 31. Kg3 Ke5 32. h4 Kd4 33. h5 gxh5 34.
Kf4 a4 35. Kxf5 Kc3 36. f4 a3 37. Kg5 a2 38. Ra8 Kb2 39. f5 a1=Q 40. Rxa1 Kxa1
41. f6 Re5+ 42. Kh6 Nd7 43. f7 Rxd5 0-1

[Event "Lichtenrader Herbst"]
[Site "Berlin"]
[Date "2009.10.20"]
[Round "4.14"]
[White "Brener, Ilja"]
[Black "Koenig, Frank"]
[Result "1-0"]
[WhiteElo "2409"]
[BlackElo "1971"]
[PlyCount "53"]
[EventDate "2009.??.??"]

1. Nf3 Nf6 2. c4 g6 3. Nc3 Bg7 4. e4 d6 5. d4 O-O 6. Be2 a5 7. O-O Na6 8. Qc2
Qe8 9. a3 e5 10. dxe5 dxe5 11. Nd5 Nd7 12. Be3 c6 13. Nb6 Nxb6 14. Bxb6 Bg4 15.
Bxa5 Bxf3 16. Bxf3 Qe6 17. Rfd1 c5 18. Be1 Rad8 19. Rd5 Nb8 20. Rxc5 Nc6 21.
Rd5 Nd4 22. Qd3 h5 23. Bc3 h4 24. h3 Kh8 25. Re1 Qf6 26. b4 Qg5 27. Bxd4 1-0

[Event "Lichtenrader Herbst"]
[Site "Berlin"]
[Date "2009.10.20"]
[Round "4.15"]
[White "Rolle, Eric"]
[Black "Triebus, Bruno"]
[Result "1-0"]
[WhiteElo "2265"]
[BlackElo "1960"]
[PlyCount "43"]
[EventDate "2009.??.??"]

1. Nf3 e6 2. c4 d5 3. g3 Nf6 4. Bg2 c5 5. cxd5 exd5 6. d4 Nc6 7. O-O cxd4 8.
Nxd4 Bc5 9. Nxc6 bxc6 10. Qc2 Qb6 11. Nc3 Bd6 12. e4 dxe4 13. Nxe4 Nxe4 14.
Qxe4+ Kf8 15. Be3 Qc7 16. Qxc6 Qxc6 17. Bxc6 Rb8 18. b3 Bb7 19. Rad1 Bxc6 20.
Rxd6 Bf3 21. Bc5 Kg8 22. Re1 1-0

[Event "Lichtenrader Herbst"]
[Site "Berlin"]
[Date "2009.10.20"]
[Round "4.16"]
[White "Lerch, Philipp"]
[Black "Glantz, Robert"]
[Result "1/2-1/2"]
[WhiteElo "1943"]
[BlackElo "2228"]
[PlyCount "139"]
[EventDate "2009.??.??"]

1. e4 c5 2. Nf3 d6 3. d4 cxd4 4. Nxd4 Nf6 5. Nc3 a6 6. Be3 e5 7. Nb3 Be6 8. Qd2
Nbd7 9. f3 h5 10. O-O-O Be7 11. Qf2 b5 12. Kb1 Rb8 13. Ba7 Rb7 14. Be3 Qc7 15.
Nd5 Bxd5 16. exd5 a5 17. Bd2 b4 18. Be3 a4 19. Nc1 a3 20. Ba6 axb2 21. Nb3 Rb8
22. Kxb2 O-O 23. h3 Nb6 24. Bxb6 Rxb6 25. Bc4 Nd7 26. Na5 e4 27. Nc6 Bf6+ 28.
Kc1 Ne5 29. Bb3 Nxc6 30. dxc6 Rxc6 31. fxe4 Qa5 32. Rd3 Qa3+ 33. Kd1 Qb2 34.
Ke1 Re8 35. Qf3 Rxc2 36. Bxc2 Qxc2 37. Qe2 Bh4+ 38. g3 Qb1+ 39. Qd1 Rxe4+ 40.
Kf2 Qxa2+ 41. Rd2 Qa7+ 42. Kg2 Bg5 43. Rc2 g6 44. Qf3 Qe7 45. Rf1 Re5 46. Rc8+
Kg7 47. Qa8 Re2+ 48. Kh1 Qe4+ 49. Qxe4 Rxe4 50. Rc7 Be7 51. Rd7 f5 52. Ra1 Kf6
53. Raa7 Re5 54. Rab7 d5 55. Rb6+ Re6 56. Rb5 Rd6 57. Rdb7 d4 58. Rxb4 d3 59.
Rb1 d2 60. Rd1 Rd3 61. Rb6+ Kf7 62. Rb2 Bg5 63. h4 Be3 64. Kg2 Ke6 65. Kf1 f4
66. Ke2 Rc3 67. gxf4 Bxf4 68. Rb6+ Kf5 69. Rg1 Rc1 70. Rbxg6 1/2-1/2

[Event "Lichtenrader Herbst"]
[Site "Berlin"]
[Date "2009.10.20"]
[Round "4.17"]
[White "Davydov, Ruven"]
[Black "Pueschel, Werner"]
[Result "1-0"]
[WhiteElo "1954"]
[BlackElo "2164"]
[PlyCount "63"]
[EventDate "2009.??.??"]

1. e4 c5 2. Nf3 e6 3. d4 cxd4 4. Nxd4 a6 5. Bd3 Nf6 6. O-O d6 7. Qe2 Be7 8. Bd2
O-O 9. Nc3 Qb6 10. Nb3 Nc6 11. Rae1 Ne5 12. Kh1 Nxd3 13. cxd3 Bd7 14. f4 a5 15.
Be3 Qb4 16. Nd4 a4 17. a3 Qa5 18. f5 e5 19. Nf3 Bc6 20. Bg5 Rfe8 21. Nd2 b5 22.
Rf3 h6 23. Bxf6 Bxf6 24. Ref1 Bg5 25. Rg3 b4 26. Nc4 Qc5 27. axb4 Qxb4 28. Qh5
a3 29. Rxg5 hxg5 30. f6 d5 31. fxg7 f5 32. Rxf5 1-0

[Event "Lichtenrader Herbst"]
[Site "Berlin"]
[Date "2009.10.20"]
[Round "4.18"]
[White "Niehaus, Frank"]
[Black "Pesola, Jyrki"]
[Result "1-0"]
[WhiteElo "2152"]
[BlackElo "1946"]
[PlyCount "49"]
[EventDate "2009.??.??"]

1. e4 c5 2. Nf3 d6 3. d4 cxd4 4. Nxd4 Nf6 5. Nc3 Nc6 6. Bg5 e6 7. Qd2 Be7 8.
O-O-O a6 9. f4 Qc7 10. Kb1 b5 11. Nxc6 Qxc6 12. e5 b4 13. Ne2 dxe5 14. fxe5 Nd5
15. Bxe7 Kxe7 16. Qg5+ Kf8 17. Nd4 Qc7 18. Bd3 Bd7 19. Rhf1 Qb6 20. Be4 Re8 21.
Bxd5 exd5 22. Qf4 Re7 23. e6 Be8 24. Qe5 Kg8 25. exf7+ 1-0

[Event "Lichtenrader Herbst"]
[Site "Berlin"]
[Date "2009.10.20"]
[Round "4.19"]
[White "Karmann, Anna"]
[Black "Dimitrijeski, Kristian"]
[Result "0-1"]
[WhiteElo "1914"]
[BlackElo "2148"]
[PlyCount "124"]
[EventDate "2009.??.??"]

1. c4 c6 2. g3 d5 3. b3 dxc4 4. bxc4 Qd4 5. Nc3 Qxc4 6. Nf3 Nf6 7. e3 Qb4 8.
Rb1 Qa5 9. Qb3 e6 10. d4 Nbd7 11. Bd2 Be7 12. Bg2 O-O 13. O-O e5 14. Ne4 Qc7
15. Nxf6+ Bxf6 16. Bb4 Rd8 17. d5 c5 18. Bc3 Nb6 19. Ba5 c4 20. Bxb6 axb6 21.
Qxb6 Qxb6 22. Rxb6 Rxd5 23. Ng5 Rd2 24. Ne4 Rdxa2 25. Nxf6+ gxf6 26. Bd5 Be6
27. Bxe6 fxe6 28. Rxb7 R2a7 29. Rb4 Rc7 30. Rc1 Rac8 31. Rc3 e4 32. Kg2 Kf7 33.
f3 exf3+ 34. Kxf3 Kg6 35. e4 e5 36. Ra4 Rc6 37. Rb4 R8c7 38. Ra4 Kf7 39. Rb4 h5
40. Ke3 Kg6 41. Kf3 Kg5 42. Rb8 Rd6 43. Ke3 Rd1 44. Rg8+ Kh6 45. h4 Rd4 46. Rb8
Kg6 47. Rb6 Kf7 48. Rb4 Rc6 49. Rb7+ Kg6 50. Rb5 Rd1 51. Rb4 Rd4 52. Rb5 Ra6
53. Rc5 Ra1 54. R3xc4 Re1+ 55. Kf3 Rexe4 56. Rxd4 Rxd4 57. Rc6 Kf5 58. Rc3 e4+
59. Ke3 Rd3+ 60. Rxd3 exd3 61. Kxd3 Kg4 62. Ke3 Kxg3 0-1

[Event "Lichtenrader Herbst"]
[Site "Berlin"]
[Date "2009.10.20"]
[Round "4.20"]
[White "Wuensch, Ulrich"]
[Black "Slepuschkin, Shenis"]
[Result "1-0"]
[WhiteElo "2137"]
[BlackElo "1926"]
[PlyCount "79"]
[EventDate "2009.??.??"]

1. d4 f5 2. Nc3 Nf6 3. Bg5 g6 4. Bxf6 exf6 5. e4 fxe4 6. Nxe4 Qe7 7. Qe2 Bg7 8.
O-O-O d5 9. Nc5 Qxe2 10. Nxe2 b6 11. Nd3 c6 12. Nef4 Na6 13. h4 Kf7 14. Be2 Nc7
15. Kb1 a5 16. Bf3 Bd7 17. h5 g5 18. h6 Bf8 19. Bh5+ Ke7 20. Rde1+ Kd8 21. Ne2
Bxh6 22. f4 Ne6 23. Bf7 Bg7 24. f5 Nc7 25. Ng3 Nb5 26. Nh5 Bf8 27. Nxf6 Nxd4
28. Nxh7 Nxf5 29. Ne5 Nd6 30. Ng6 Rxh7 31. Rxh7 Nxf7 32. Nxf8 Be8 33. Ne6+ Kc8
34. Nxg5 Nd6 35. Ree7 a4 36. a3 Ra5 37. Ne6 d4 38. Ng7 Bd7 39. Rh8+ Kc7 40.
Ne6+ 1-0

[Event "Lichtenrader Herbst"]
[Site "Berlin"]
[Date "2009.10.20"]
[Round "4.40"]
[White "Dukaczewski, Piotr"]
[Black "Meissner, Hans-Juergen"]
[Result "0-1"]
[WhiteElo "2285"]
[BlackElo "2241"]
[PlyCount "68"]
[EventDate "2009.??.??"]

1. e4 c5 2. Nf3 d6 3. d4 cxd4 4. Nxd4 Nf6 5. Nc3 a6 6. Be3 e5 7. Nb3 Be6 8. f3
h5 9. Qd2 Nbd7 10. O-O-O Qc7 11. Kb1 b5 12. Be2 Nb6 13. Bxb6 Qxb6 14. Nd5 Bxd5
15. exd5 g6 16. Qb4 Be7 17. h4 O-O 18. g4 a5 19. Qd2 Kg7 20. g5 Nd7 21. Nc1 b4
22. Rhg1 Rac8 23. Bd3 a4 24. Be4 Rc7 25. Nd3 Rb7 26. b3 Nc5 27. Nb2 Ra8 28.
bxa4 Rxa4 29. Bd3 Rxa2 30. Bc4 Ra3 31. Nd3 Qa5 32. Kb2 Na4+ 33. Kb1 Nc3+ 34.
Kb2 Ra2+ 0-1

[Event "Lichtenrader Herbst"]
[Site "Berlin"]
[Date "2009.10.21"]
[Round "5.1"]
[White "Meissner, Hans-Juergen"]
[Black "Kalinitschew, Sergey"]
[Result "1/2-1/2"]
[WhiteElo "2241"]
[BlackElo "2483"]
[PlyCount "86"]
[EventDate "2009.??.??"]

1. e4 e6 2. Nf3 d5 3. Nc3 Nf6 4. e5 Nfd7 5. d4 c5 6. dxc5 Nc6 7. Bf4 Bxc5 8.
Bd3 f6 9. exf6 Nxf6 10. O-O O-O 11. Ne5 Qe7 12. Bg3 Nxe5 13. Bxe5 Bd7 14. Qe2
a6 15. Rae1 Rae8 16. Kh1 Bc6 17. Nb1 Bd6 18. Nd2 Bxe5 19. Qxe5 Nd7 20. Qh5 g6
21. Qh6 e5 22. Nb3 Qe6 23. Qd2 Qf6 24. c3 b5 25. Qe3 Ba8 26. Nc5 Nxc5 27. Qxc5
Kh8 28. Qe3 b4 29. f4 e4 30. Be2 bxc3 31. bxc3 Rc8 32. Rc1 Rc7 33. Bg4 Bc6 34.
Qb6 Rb7 35. Qxa6 Rb2 36. Qa3 Rfb8 37. f5 Qf8 38. Qa7 gxf5 39. Rxf5 Qg7 40. Rf7
Qg6 41. Qe7 Re8 42. Rf8+ Rxf8 43. Qxf8+ Qg8 1/2-1/2

[Event "Lichtenrader Herbst"]
[Site "Berlin"]
[Date "2009.10.21"]
[Round "5.2"]
[White "Stachanczyk, Jacek"]
[Black "Lueders, Gerhard"]
[Result "1-0"]
[WhiteElo "2212"]
[BlackElo "2259"]
[PlyCount "79"]
[EventDate "2009.??.??"]

1. e4 c5 2. Nf3 d6 3. d4 cxd4 4. Nxd4 Nf6 5. Nc3 a6 6. Bg5 e6 7. f4 Nbd7 8. Qf3
Qc7 9. O-O-O Be7 10. Bd3 h6 11. Bh4 g5 12. fxg5 Ne5 13. Qe2 Nh7 14. Nf3 hxg5
15. Bg3 Bd7 16. Nxe5 dxe5 17. Qh5 Bf6 18. Rdf1 Nf8 19. Qf3 Nh7 20. Qh5 Nf8 21.
Qg4 Nh7 22. Rxf6 Nxf6 23. Qxg5 Nh7 24. Qg7 O-O-O 25. Qxf7 Rdg8 26. Rf1 Nf8 27.
Ne2 Ng6 28. Rf6 Qa5 29. c3 Qxa2 30. Rxg6 Rf8 31. Qe7 Rf1+ 32. Kd2 Qxb2+ 33. Ke3
Qb6+ 34. Nd4 exd4+ 35. cxd4 Rd1 36. Rg7 Rd8 37. Bh4 Rxd3+ 38. Kxd3 Qb3+ 39. Kd2
Qb2+ 40. Ke3 1-0

[Event "Lichtenrader Herbst"]
[Site "Berlin"]
[Date "2009.10.21"]
[Round "5.3"]
[White "Meister, Jakob"]
[Black "Kollberg, Lothar"]
[Result "1-0"]
[WhiteElo "2480"]
[BlackElo "2232"]
[PlyCount "61"]
[EventDate "2009.??.??"]
[WhiteTeam "SK Zehlendorf e.V."]
[BlackTeam "SC Rotation Pankow e.V."]

1. e4 g6 2. d4 Bg7 3. Be3 c6 4. c4 d5 5. cxd5 cxd5 6. e5 Nc6 7. Bb5 Bd7 8. Nc3
f6 9. f4 Nh6 10. Nf3 e6 11. h3 Nf5 12. Bf2 fxe5 13. fxe5 h5 14. Bd3 Qb6 15.
Bxf5 gxf5 16. O-O O-O-O 17. Na4 Qb5 18. Nc5 Bf8 19. a4 Qb6 20. Ng5 Kb8 21. Nf7
Bxc5 22. dxc5 Qb4 23. Nxd8 Rxd8 24. Qxh5 d4 25. Qe2 Qxc5 26. Rfd1 Rg8 27. Ra3
f4 28. Qe4 Na5 29. Qxd4 Qc6 30. Qxa7+ Kc7 31. Qxa5+ 1-0

[Event "Lichtenrader Herbst"]
[Site "Berlin"]
[Date "2009.10.21"]
[Round "5.4"]
[White "Batyrov, Sapar"]
[Black "Boewer, Roland"]
[Result "1/2-1/2"]
[WhiteElo "2421"]
[BlackElo "2246"]
[PlyCount "55"]
[EventDate "2009.??.??"]
[BlackTeam "SC Rotation Pankow e.V."]

1. d4 Nf6 2. Nf3 g6 3. c4 Bg7 4. Nc3 O-O 5. e4 d6 6. h3 c6 7. Be3 Nbd7 8. Qc2
e5 9. d5 c5 10. g4 Nb6 11. Rg1 Bd7 12. O-O-O Nc8 13. Ne2 b5 14. Ng3 bxc4 15. g5
Ne8 16. Bxc4 Nb6 17. Nd2 Nc7 18. h4 Nxc4 19. Nxc4 Nb5 20. h5 Nd4 21. Bxd4 cxd4
22. Kb1 Bb5 23. Na3 Rb8 24. Qd2 Qb6 25. Rc1 Rfc8 26. Nxb5 Qxb5 27. Rxc8+ Rxc8
28. Rc1 1/2-1/2

[Event "Lichtenrader Herbst"]
[Site "Berlin"]
[Date "2009.10.21"]
[Round "5.5"]
[White "Radovanovic, Jovica"]
[Black "Suder, Ryszard"]
[Result "1-0"]
[WhiteElo "2360"]
[BlackElo "2163"]
[PlyCount "99"]
[EventDate "2009.??.??"]

1. Nf3 Nf6 2. c4 g6 3. g3 Bg7 4. Bg2 O-O 5. Nc3 d5 6. cxd5 Nxd5 7. O-O c5 8.
Nxd5 Qxd5 9. d3 Nc6 10. Be3 Qd6 11. Rc1 Nd4 12. Nd2 Bg4 13. Bxd4 Qxd4 14. Bxb7
Rab8 15. Bf3 Bh3 16. Nb3 Qxb2 17. Rc2 Qa3 18. Qc1 Qb4 19. Rd1 Rfc8 20. Nxc5 Bd4
21. Nb3 Rxc2 22. Qxc2 Rc8 23. Qb1 Bb6 24. e3 Be6 25. Kg2 Rc3 26. Rc1 Rxc1 27.
Qxc1 Bxb3 28. Qb2 a5 29. Qxb3 Qxb3 30. axb3 e6 31. d4 Kf8 32. h4 h6 33. g4 g5
34. Be4 Ke7 35. h5 Bc7 36. Kf1 f6 37. Ke2 Bd6 38. Kd3 e5 39. Kc4 Bb4 40. Kd5
exd4 41. exd4 Be1 42. f3 Bc3 43. Bd3 Bb2 44. Bc4 Bc3 45. Ke4 Kd6 46. Kf5 Bxd4
47. Kg6 Ke5 48. Kxh6 f5 49. Kxg5 fxg4 50. fxg4 1-0